Vista normal
Vista MARC
Entrada Personal Name
Número de registros utilizados en: 1
001 - CONTROL NUMBER
- control field: 11322
003 - CONTROL NUMBER IDENTIFIER
- control field: DLC
005 - DATE AND TIME OF LATEST TRANSACTION
- control field: 20201126101114.0
008 - FIXED-LENGTH DATA ELEMENTS
- fixed length control field: 790509n| acannaab |n aaa
010 ## - LIBRARY OF CONGRESS CONTROL NUMBER
- LC control number: n 79043614
040 ## - CATALOGING SOURCE
- Original cataloging agency: DLC
- Transcribing agency: Mx-PuUPA
- Modifying agency: DLC
- Modifying agency: Mx-PuUPA
- Language of cataloging: spa
- Description conventions: rda
046 ## - SPECIAL CODED DATES
- Birth date: 19271218
100 10 - HEADING--PERSONAL NAME
- Personal name: Stake, Robert E.,
- Dates associated with a name: 1927
374 ## - OCCUPATION
- Occupation: Autor
375 ## - GENDER
- Gender: hombre
377 ## - ASSOCIATED LANGUAGE
- Language code: eng
670 ## - SOURCE DATA FOUND
- Source citation: His Sampling distributions of error in multidimensional scaling, 1962.
670 ## - SOURCE DATA FOUND
- Source citation: His Quieting reform, c1986:
- Information found: CIP t.p. (Robert E. Stake) data sheet (b. 12/18/27)
670 ## - SOURCE DATA FOUND
- Source citation: His Custom and cherishing, 1991:
- Information found: t.p. (Robert Stake)